[Event "FRA-ch 81st"]
[Site "Besancon"]
[Date "2006.08.22"]
[Round "8"]
[White "Libiszewski, Fabien"]
[Black "Sokolov, Andrei"]
[Result "1-0"]
[WhiteElo "2482"]
[BlackElo "2589"]
[Annotator "Ftacnik,L"]
[PlyCount "55"]
[EventDate "2006.08.14"]
[EventType "tourn"]
[EventRounds "11"]
[EventCountry "FRA"]
[EventCategory "13"]
[SourceTitle "CBM 113 Extra"]
[Source "ChessBase"]
[SourceDate "2006.09.14"]
[SourceVersion "1"]
[SourceVersionDate "2006.09.14"]
[SourceQuality "1"]

1. e4 c5 2. Nf3 e6 3. d4 cxd4 4. Nxd4 Nf6 5. Nc3 d6 6. Be3 a6 7. f3 b5 8. Qd2
Bb7 9. O-O-O Nc6 10. g4 Rc8 11. a3 Be7 12. g5 Nd7 13. h4 b4 {Sokolov,A is an
experienced player and he correctly believes in the queenside attack. His
action underlines the drawbacks of the moves like 11.a3.} (13... Nce5 14. h5
Nb6 15. Rg1 Nbc4 16. Qf2 Nxa3 17. f4 Qa5 18. Nb3 Qc7 19. fxe5 Nxc2 20. exd6
Bxd6 21. Rxd6 Nxe3 22. Rd4 Nxf1 23. Rxf1 {1-0 Sallai,J-Gomboc,M/Eger 1995/ (27)
}) 14. axb4 (14. Nxc6 bxc3 15. Qxc3 Rxc6 16. Qxg7 Rf8 17. Qxh7 Qc7 $15) 14...
Nxb4 15. Kb1 O-O (15... Qc7 16. h5 Ne5 17. h6 $14) 16. h5 Ne5 (16... Qa5 17. h6
$1 $16) 17. g6 Bf6 (17... Qa5 18. gxh7+ Kxh7 19. h6 g6 20. Be2 $16) 18. h6 $1 {
Libiszewski is correctly pushing the pawns forward with maximum efficiency. In
positions with opposite castlings time is usually of primary importance.} fxg6
(18... hxg6 19. hxg7 Kxg7 (19... Bxg7 20. Qh2 Re8 21. Qh7+ Kf8 22. Bh6 Bxh6 23.
Qxh6+ Ke7 24. f4 $16) 20. Bh6+ Kg8 21. Bxf8 Qxf8 22. f4 $14) 19. hxg7 (19. Nxe6
Nxf3 20. Qxd6 $1 (20. Qf2 Qe7 21. Nxf8 Bxe4 $13) 20... Qxd6 21. Rxd6 Rfe8 (
21... Rf7 22. Nc5 $18) 22. Nc5 Bc6 23. Bc4+ Kh8 24. hxg7+ Bxg7 25. Bf7 $16) (
19. Bh3 Nc4 20. Bxe6+ Rf7 21. Qe2 Qc7 22. hxg7 Nxb2 23. Kxb2 Qxc3+ 24. Kb1 $16)
19... Re8 20. Bh3 Nxf3 $2 {Black is stumbling in a critical position with
correct combination played too early. It was necessary to improve the location
of the black queen 20...Qd7! as she would fulfill lots of useful functions.} (
20... Qd7 $1 21. Bh6 Nxf3 22. Qf4 $1 (22. Nxf3 Rxc3 23. Nd4 (23. bxc3 Qa4 $19)
23... Nxc2 24. bxc3 Nxd4 25. cxd4 Bxe4+ $19) 22... Bxd4 23. Qxf3 Bxg7 24. Bxg7
Kxg7 25. Qe3 $11) (20... Nc4 21. Qh2 h5 22. Qg1 (22. Nxe6 Qa5 23. Bd4 Ne3 $1
24. Bxf6 Rxc3 25. Bxc3 Qa2+ 26. Kc1 Nc4 27. b3 Qa3+ 28. Kb1 Qa2+ $11) 22...
Nxc2 (22... Qd7 23. Qxg6 Nxc2 24. Qxf6 N2xe3 25. Bxe6+ $18) 23. Kxc2 Qd7 24.
Bh6 $16) 21. Nxf3 Rxc3 (21... Bxc3 22. bxc3 Bxe4 23. Qh2 $1 h5 (23... Qa5 24.
Bxe6+ $18) 24. cxb4 Rxc2 25. Qxc2 Bxc2+ 26. Kxc2 $18) 22. e5 $5 {The position
was certainly not easy to be played over the board, there are too many
tactical possibilities to be take into account.} (22. Qh2 $1 Bxg7 (22... h5 23.
bxc3 Qa5 24. Nd4 Qa2+ 25. Kc1 Qa3+ 26. Kd2 Na2 27. Rhf1 $18) 23. bxc3 Qa5 24.
Nd4 Qa2+ 25. Kc1 Bxe4 26. Bxe6+ Rxe6 27. Qxh7+ Kf7 28. Bh6 $18) 22... Rb3 $5 (
22... Rxe3 23. Qxe3 Bxe5 24. Nxe5 Bxh1 25. Qf4 Qe7 26. Qxb4 dxe5 27. Qxe7 Rxe7
28. Rxh1 $18) 23. exf6 (23. cxb3 $4 Be4+ $19) 23... Qa5 24. Qd4 $1 {Very
impressive move centralizing the queen that can now act even from the square
a7!} Bxf3 25. f7+ {In a correspodence game white would have surely find the
mating continuation with Bxe6+! which opens the access for all white pieces in
the hunt for the black king.} (25. Bxe6+ $1 Rxe6 26. f7+ Kxf7 27. Qa7+ Kf6 (
27... Re7 28. g8=Q+ Kxg8 29. Qb8+ Kf7 (29... Kg7 30. Bh6+ Kf7 31. Qf8+ Ke6 32.
Rhe1+ $18) 30. Rxh7+ Kf6 31. Qxd6+ Re6 32. Qf8+ Ke5 33. Qf4#) 28. g8=N+ $1 (28.
Bd4+ $2 Kg5 29. Rdg1+ Bg4 30. Rxg4+ Kxg4 31. g8=Q Qa2+ 32. Kc1 Nd3+ 33. cxd3
Qa1+ 34. Kd2 Rxb2+ 35. Bxb2 Qxb2+ $11) 28... Kf5 (28... Ke5 29. Qd4+ Kf5 30.
Qf4#) 29. Nh6+ Ke4 (29... Kf6 30. Qf7+ Ke5 31. Qf4#) 30. Qd4#) 25... Kxf7 26.
Rhf1 (26. Bxe6+ $1 Kxe6 (26... Rxe6 27. Qa7+) 27. g8=Q+ Rxg8 28. Qxd6+ Kf7 29.
Qd7+ Kf6 30. Rd6+ $18) 26... Kg8 (26... Rxe3 27. Qxe3 Qa1+ 28. Kxa1 Nxc2+ 29.
Kb1 Nxe3 30. Rxf3+ Nf5 31. Rxd6 $18) 27. Rxf3 Qa2+ 28. Kc1 1-0

[Event "George Marx Memorial 3rd"]
[Site "Paks"]
[Date "2005.06.13"]
[Round "2"]
[White "Almasi, Zoltan"]
[Black "Berkes, Ferenc"]
[Result "1-0"]
[WhiteElo "2628"]
[BlackElo "2617"]
[Annotator "Ftacnik,L"]
[PlyCount "83"]
[EventDate "2005.06.12"]
[EventType "tourn"]
[EventRounds "10"]
[EventCountry "HUN"]
[EventCategory "15"]
[SourceTitle "CBM 108"]
[Source "ChessBase"]
[SourceDate "2005.09.26"]
[SourceVersion "1"]
[SourceVersionDate "2005.09.26"]
[SourceQuality "1"]

1. e4 c5 2. Nf3 d6 3. d4 cxd4 4. Nxd4 Nf6 5. Nc3 a6 6. f3 e6 7. Be3 b5 8. g4
Nfd7 9. Qd2 Nb6 10. O-O-O N8d7 11. Ndxb5 axb5 12. Nxb5 Ne5 13. Qb4 $5 $146 {
[%mdl 8] Almasi comes with a spectacular novelty in a higly charged position.
After the move 13.Qc3 the score for black was overwhelmingly positive.} Rxa2 (
13... d5 14. Qc3 Nbc4 (14... Nec4 15. exd5 Rxa2 16. Bxc4 Ra1+ 17. Kd2 Nxd5 18.
Bxd5 Qxd5+ 19. Qd3 $16) 15. exd5 Nxe3 (15... exd5 $2 16. Rxd5) 16. Nc7+ Ke7 17.
Qxe3 (17. d6+ Kf6 (17... Kd7 $4 18. Bb5+) 18. f4 Bxd6 19. fxe5+ Bxe5 20. Rxd8
Bxc3 21. Rxh8 Rxa2 22. bxc3 Rxc2+ 23. Kb1 Bb7 $14) 17... Rxa2 (17... Qxc7 18.
d6+ Qxd6 19. Rxd6 Kxd6 20. Qd4+ Ke7 21. Qxe5 $18) 18. Kb1 Ra5 19. Qc3 $18) (
13... Nbc4 14. Bxc4 d5 15. Qc3 Nxc4 16. exd5 Nxe3 (16... Ra4 17. b3 Nxe3 18.
dxe6 $1 Nxd1 19. Qc6+ Ke7 20. Rxd1 $18) 17. Nc7+ Ke7 18. Qxe3 $1 Qxc7 19. d6+
Qxd6 20. Rxd6 Kxd6 21. Qb6+ $1 Ke7 22. Rd1 $18) (13... Nbd7 $5 14. Qc3 Qa5 15.
Nc7+ Kd8 16. Nxa8 Qxa8 17. Be2 $13) 14. Kb1 (14. Bxb6 $2 Ra1+ $19) (14. Nxd6+
Bxd6 15. Rxd6 Nbd7 $19) 14... Ra4 (14... Ra8 $2 15. Bxb6 Qxb6 16. Nxd6+ $18) (
14... d5 15. Qd4 $1 Nbc4 (15... Rxb2+ 16. Kxb2 Nbc4+ 17. Bxc4 Nxc4+ 18. Qxc4
$18) 16. Bxc4 (16. Kxa2 $2 Qa5+ 17. Kb1 Nxf3 18. Qa7 Qxb5 $19) 16... Nxc4 17.
Qxc4 $1 Rxb2+ 18. Kxb2 dxc4 19. Rxd8+ Kxd8 20. Rd1+ Bd7 21. Kc3 $16) 15. Qb3
Ra8 (15... Ned7 $5 16. Nxd6+ Bxd6 17. Rxd6 Nc4 $1 18. Qxa4 (18. Bxc4 Qa5 $19)
18... Nxd6 19. Qd4 Ke7 20. Qxg7 $14) 16. Bxb6 Qxb6 17. Nxd6+ Qxd6 18. Bb5+ $1 {
Clearly the key move of the whole preparation, white is disturbing the harmony
of opponent's pieces before he takes the queen.} (18. Rxd6 Bxd6 19. Qb6 Ke7 $17
) 18... Bd7 (18... Nd7 19. Rxd6 Bxd6 20. Qc3 (20. Rd1 Be5 21. Qb4 $16) 20...
O-O 21. Bxd7 Bxd7 22. Qd3 $16) (18... Qd7 19. Bxd7+ Nxd7 20. Qb5 $16) 19. Rxd6
Bxd6 20. Rd1 Rb8 (20... Be7 21. Bxd7+ Nxd7 22. Rxd7 $1 Kxd7 23. Qb7+ Kd6 24.
e5+ $1 Kxe5 25. Qxe7 $18) (20... Ke7 21. f4 $1 Nxg4 22. e5 $18) 21. Bxd7+ Nxd7
(21... Kxd7 22. Qa4+ Ke7 (22... Kc7 23. Qa5+ $1) 23. Qa7+ Nd7 24. e5 $18) 22.
Qa4 Ke7 (22... Rb6 23. e5 $18) 23. e5 $1 {Black can not avoid the loss of
further material, the ensuing endgame is hopeless for him.} Nxe5 24. Rxd6 Kxd6
25. Qd4+ Ke7 26. Qxe5 Rhd8 27. b3 $1 (27. Qxg7 $2 Rd1+ 28. Ka2 Ra8+ 29. Kb3
Rb8+ $11) 27... f6 28. Qc7+ Kf8 29. Kb2 Rbc8 30. Qb7 e5 (30... Rb8 31. Qe4 $1
$18) 31. c4 {White passed pawns supported by the queen as well as king can not
be stopped.} Rd2+ (31... Rb8 32. Qe4) 32. Kc3 Rcd8 33. c5 R8d3+ (33... R2d3+
34. Kb2 Rd2+ 35. Ka3) 34. Kc4 Rd4+ 35. Kb5 Rxh2 (35... R2d3 36. Ka5 Rd7 37. Qb6
Rxf3 38. c6 Rd5+ 39. Ka6 $18) 36. c6 Rb2 37. Qa8+ $1 Kf7 38. Qa3 {The final
blow against the counterplay, white wins a crucial tempo.} Rc2 (38... Rdd2 39.
b4 $18) 39. b4 Kf8 (39... Rdc4 40. Qb3 Ke7 41. Qxc4 Rxc4 42. Kxc4 f5 (42... Kd6
43. Kb5 Kc7 44. Ka6 $1 $18) 43. Kc5 $1 fxg4 44. c7 Kd7 45. Kb6 Kc8 46. Kc6 gxf3
47. b5 $18) 40. Kb6 Rdc4 41. b5+ Kf7 42. Qd3 1-0

[Event "Montreal Empresa-A"]
[Site "Montreal"]
[Date "2006.08.08"]
[Round "1"]
[White "Korneev, Oleg"]
[Black "Timofeev, Artyom"]
[Result "0-1"]
[WhiteElo "2638"]
[BlackElo "2657"]
[Annotator "Ftacnik,L"]
[PlyCount "88"]
[EventDate "2006.08.08"]
[EventType "tourn"]
[EventRounds "9"]
[EventCountry "CAN"]
[EventCategory "15"]
[SourceTitle "CBM 114"]
[Source "ChessBase"]
[SourceDate "2006.10.02"]
[SourceVersion "1"]
[SourceVersionDate "2006.10.02"]
[SourceQuality "1"]

1. e4 c5 2. Nf3 d6 3. d4 cxd4 4. Nxd4 Nf6 5. Nc3 e6 6. Be3 Nc6 7. Qd2 Be7 8. f3
O-O 9. O-O-O d5 10. Qe1 e5 11. Nxc6 bxc6 12. exd5 cxd5 13. Bg5 Be6 14. Bc4 {
Korneev is pulling out all the reserves in order to punish black for a
gracious build up of a potentially strong center.} (14. Qxe5 Qa5 (14... Qb6 15.
Be3 Qb4 16. Bd4 Rfc8 17. Bd3 Bd6 18. Qe3 Rab8 19. Ne2 Nd7 20. Nf4 Bc5 21. Nxe6
Qxb2+ 22. Bxb2 Bxe3+ 23. Kb1 fxe6 24. Rhe1 Bg5 25. Ka1 {1/2 Perez Garcia,R 
(2423)-Muhren,B (2282)/Gent 2004/ (31)}) 15. Nxd5 Nxd5 16. Bxe7 Rfc8 17. Bd3
Qxa2 18. Ba3 a5 19. Kd2 Nb4 20. Bxb4 axb4 21. Ra1 Qxa1 22. Rxa1 Rxa1 {0-1
Pinol Fulgoni,F (2210)-Antal,G (2475)/Barcelona 2003/ (33)}) 14... Bb4 15. Qxe5
Bxc3 16. bxc3 Nd7 17. Qg3 {The first independent move as white wants to be
prepared for the attack on the kingside. Two bishops and extra pawn can not
defend loose king on c1 against all dangers.} (17. Qe3 Qa5 18. Bb3 Rfc8 19. Qd4
Qa3+ 20. Kb1 Nb6 21. Bc1 Qe7 22. Rhe1 Qb7 23. Ka1 a5 24. Be3 Rc6 25. a4 Rac8 {
1/2 Zaragatski,I (2329)-Antal,G (2475)/Balatonlelle 2003/ (74)}) 17... Qa5 18.
Bb3 Rfc8 (18... Qxc3 19. Kb1 Rfb8 20. Bc1 f6 21. Bh6 g6 22. Qd6 $16) 19. Be3 (
19. Kb1 Rab8 20. Bh6 (20. Bd2 d4 21. c4 (21. cxd4 $2 Qf5 $1 22. Ka1 Rxc2 $19)
21... Qb6 22. Bh6 g6 $15) 20... Qxc3 21. Rd3 Qf6 22. Bf4 Rb4 $11) 19... Qa3+ (
19... Qxc3 $4 20. Bd4 $18) 20. Kd2 $2 {White is lossing heart and flees with
the king to the open space. The concrete attack against black king was
justifying the more logical retreat to b1.} (20. Kb1 g6 (20... a5 21. Bh6 g6
22. Qf4 a4 23. Qd4 f6 24. Bc1 Qe7 25. Bxd5 $16) 21. Rhe1 Rab8 22. Bc1 Qa6 23.
Bb2 $14) 20... a5 21. Bd4 (21. Ke2 a4 22. Bxd5 (22. Bh6 g6 23. Bxd5 Bxd5 24.
Rxd5 Qxa2 25. Rhd1 Nf6 $15) 22... Bxd5 23. Rxd5 Rxc3 24. Rxd7 Rxe3+ 25. Kf2
Rae8 $17) 21... f6 22. Rhe1 Bf7 23. Qg4 Rd8 (23... Nf8 24. Bxf6 Ng6 25. Bd4 a4
26. h4 axb3 27. axb3 Qd6 28. h5 Qf4+ 29. Qxf4 Nxf4 30. g4 Ne6 $15) 24. Re6 $1
a4 25. Bxd5 Nf8 26. Rxf6 $2 {Up till now Korneev was doing his best in a
dangerous situation, but the critical moment was asking for the best solution.
Opening of the acess to the black king will not compensate for the lost piece.}
(26. Bxf6 Rxd5+ 27. Ke2 Nxe6 28. Rxd5 Nf4+ 29. Kd1 Ng6 $19) (26. Bxa8 $1 Nxe6
27. Be4 Nxd4 28. cxd4 Rxd4+ 29. Ke2 Bc4+ 30. Kf2 Rxd1 31. Qc8+ Kf7 32. Qxc4+
Kf8 33. Qc8+ Ke7 34. Qg8 $13) 26... Bxd5 27. Rf5 (27. Rxf8+ Qxf8 $19) (27. Rd6
g6 (27... Ng6 $2 28. Rxd5 Rxd5 29. Qe6+ Kh8 30. Qxd5 $18) 28. Rxd8 Rxd8 29. Qh4
Rd7 30. Qf6 Qxa2 31. Re1 (31. Qh8+ Kf7 32. Qg7+ Ke8 33. Re1+ Be6 $19) 31... Be6
32. h4 Qd5 33. Re5 Rf7 $19) 27... g6 28. Re1 Bxa2 29. Rb5 (29. Rfe5 Rd7 30. Ke3
Qd6 31. Kf2 a3 $19) 29... Rd7 30. Rb4 Rc8 31. Re3 {White would very much like
to get with a queen closer to the black king, but he has hands full of
defending against the treaths.} (31. Ke2 Re8+ 32. Kf1 Rxe1+ 33. Kxe1 Qc1+ $19)
31... Be6 (31... Rxc3 32. Rb7 Rxe3 (32... Rxb7 33. Bxc3 Be6 34. Rxe6 Rd7+ 35.
Bd4 Rxd4+ 36. Qxd4 Nxe6 $19) 33. Rxd7 Nxd7 34. Bxe3 Qd6+ $19) 32. Qf4 (32. Rxe6
Qxc3+ 33. Ke2 Qxb4 $19) 32... Rxc3 $1 33. Rb8 (33. Rxc3 Qxb4 34. Ke3 Bf5 35.
Be5 Qb6+ $19) 33... Rxe3 34. Qxe3 Qd6 $19 {The biggest surprise layed in the
fact, that Timofeev could not get rest for another 10 moves despite an
advantage of a spare rook.} 35. Rxf8+ Kxf8 36. c3 a3 37. Ke2 (37. Kc2 a2 38.
Bc5 a1=Q 39. Bxd6+ Rxd6 $19) 37... Qa6+ 38. Kf2 a2 39. Qf4+ Rf7 40. Qb8+ Qc8
41. Qd6+ Ke8 42. c4 (42. Qa3 Rd7 $19) 42... Qxc4 43. Bc5 Qxc5+ (43... a1=Q 44.
Qb8+ Kd7 45. Qb7+ Kd8 46. Qb8+ Bc8 47. Qd6+ Ke8 $19) 44. Qxc5 a1=Q 0-1

[Event "BIH-chT"]
[Site "Neum"]
[Date "2004.06.04"]
[Round "7.1"]
[White "Perunovic, Milos"]
[Black "Kovacevic, Aleksandar"]
[Result "1-0"]
[WhiteElo "2557"]
[BlackElo "2559"]
[Annotator "Ftacnik,L"]
[PlyCount "59"]
[EventDate "2004.05.29"]
[EventType "team"]
[EventRounds "9"]
[EventCountry "BIH"]
[SourceTitle "CBM 102"]
[Source "ChessBase"]
[SourceDate "2004.09.23"]
[SourceVersion "1"]
[SourceVersionDate "2004.09.23"]
[SourceQuality "1"]
[WhiteTeam "Bijeljina"]
[BlackTeam "Sokolac"]
[WhiteTeamCountry "BIH"]
[BlackTeamCountry "BIH"]

1. e4 c5 2. Nf3 d6 3. d4 cxd4 4. Nxd4 Nf6 5. Nc3 a6 6. Be3 Nc6 7. f3 e6 8. Qd2
Be7 9. O-O-O O-O 10. g4 Nxd4 11. Bxd4 b5 12. g5 Nd7 13. h4 Qc7 14. Kb1 b4 15.
Na4 Bb7 16. Qxb4 Bc6 17. Nc3 Rfb8 18. Qc4 Ne5 19. Qe2 Bb5 20. Nxb5 axb5 21. Qe3
Nc4 {[%mdl 4] The very first independent move in a very hot line of Englisch
attack.} (21... Qa5 22. Qb3 Nd7 23. g6 hxg6 24. h5 Nc5 25. Qe3 Qxa2+ 26. Kc1 e5
27. Bxc5 dxc5 28. hxg6 c4 {0-1 Muhren,B-Sebag,M/Hengelo 2004/ (34)}) 22. Qb3 d5
(22... Na5 23. Qc3 Nc6 24. b4 Bf8 25. Be3 Qb7 26. h5 Ra4 27. a3 Rc8 28. Qb3 $14
) 23. exd5 exd5 24. g6 $5 (24. Bd3 Bc5 25. Bxc5 Qxc5 26. h5 Na5 27. Qc3 Qxc3
28. bxc3 Nc4 $14) 24... hxg6 $2 {It feels wrong to capture with the "h" pawn,
since black will not be able to avoid opening of the h file for white rooks.} (
24... fxg6 25. h5 gxh5 26. Rxh5 Rd8 27. Bf2 $14) 25. h5 Bc5 (25... g5 $2 26. h6
$18) 26. Bxc5 (26. hxg6 Bxd4 27. Rxd4 Qe5 28. Bxc4 bxc4 (28... Qxd4 29. Bxd5
Ra6 30. Qxb5 $18) 29. Qc3 Qf5 (29... fxg6 30. Rxc4) 30. gxf7+ Qxf7 31. Rdh4 Qf6
32. Qxf6 gxf6 33. f4 $16) 26... Qxc5 27. hxg6 {Nobody is going to envy black,
since all his pieces are on the queenside but he has no counterplay.} d4 (27...
fxg6 28. Bh3 Kf7 29. f4 $16) (27... Qf2 28. gxf7+ Kxf7 29. Bd3 Nd2+ 30. Rxd2
Qxd2 31. Qxd5+ $18) 28. gxf7+ (28. Rh4 fxg6 (28... Rd8 29. Bxc4 bxc4 30. Qb7
fxg6 31. Rdh1 $18) 29. Rhxd4 Ra4 30. Rd5 $18) 28... Kxf7 29. Rh4 Re8 (29... Rd8
30. Bxc4+ Qxc4 31. Qxc4+ bxc4 32. Rhxd4 $18) 30. Bxc4+ (30. Bxc4+ bxc4 (30...
Qxc4 31. Qxc4+ bxc4 32. Rhxd4 $18) 31. Qb7+ Qe7 32. Qd5+ $18) 1-0

[Event "EU-ch 1st"]
[Site "Saint Vincent"]
[Date "2000.07.05"]
[Round "3"]
[White "Lutz, Christopher"]
[Black "David, Alberto"]
[Result "1/2-1/2"]
[WhiteElo "2595"]
[BlackElo "2487"]
[Annotator "Ftacnik,L"]
[PlyCount "81"]
[EventDate "2000.07.03"]
[EventType "swiss"]
[EventRounds "11"]
[EventCountry "ITA"]
[SourceTitle "CBM 078"]
[Source "ChessBase"]
[SourceDate "2000.10.18"]
[SourceVersion "1"]
[SourceVersionDate "2000.10.18"]
[SourceQuality "1"]

1. e4 c5 2. Nf3 e6 3. d4 cxd4 4. Nxd4 Nf6 5. Nc3 d6 6. Be3 a6 7. f3 b5 8. g4 h6
9. Qd2 Nbd7 10. O-O-O Bb7 11. Bd3 Ne5 12. Rhe1 Rc8 13. Kb1 Nfd7 14. f4 Nc4 15.
Qe2 Nxe3 16. Qxe3 Qb6 17. Nd5 $5 Qa7 18. Rf1 Ba8 {[%mdl 4] Black has to be
very careful, his pieces are underdeveloped and not really coordinated. On the
other hand white misses dark square bishop and making progress in the attack
is rather difficult.} (18... exd5 19. exd5+ Be7 20. Rfe1 $16) 19. c3 exd5 20.
e5 (20. exd5+ Be7 21. Rfe1 Nf6 22. Nf5 Qxe3 23. Rxe3 Nxd5 24. Rxe7+ Nxe7 25.
Nxd6+ Kd7 26. Nxf7 Kc7 27. Nxh8 Rxh8 $17) 20... dxe5 (20... Qb6 21. e6 (21.
exd6+ Kd8 22. Bg6 Bxd6 (22... fxg6 $2 23. Ne6+ Ke8 24. Nc7+ $18) 23. Bxf7 Rc4
$17) 21... Nc5 22. exf7+ Kxf7 23. Bf5 Rc7 24. Be6+ Ke8 25. Bxd5+ Re7 26. Qf3
$40) 21. fxe5 Nc5 (21... Qb6 22. Qf2 f6 23. exf6 Nxf6 24. Rde1+ Kf7 25. Qf5 Rd8
26. Re6 $18) 22. e6 $1 f6 (22... Nxe6 23. Bg6 $1 fxg6 24. Qxe6+ Kd8 25. Rxf8+
$1 Rxf8 26. Qd6+ Ke8 27. Re1+ $18) (22... fxe6 23. Bg6+ Kd7 24. Rf7+ Be7 25.
Nxe6 $16) 23. Bg6+ Kd8 (23... Ke7 24. b4 $1 $40) 24. Nf5 {White's attacking
pieces look rather dangerous, but black king is in fact well protected and
white must prove some compensation for the full piece.} Qc7 (24... Rc7 25. Rfe1
Na4 26. Qf3 $40) 25. Rfe1 Be7 (25... Qe5 26. Qf3 Qxh2 27. e7+ Bxe7 28. Rxe7 $40
) 26. Qf3 Rb8 (26... Qc6 27. Ne3 $40) 27. Rxd5+ Bxd5 (27... Kc8 28. b4 Na4 29.
Nxe7+ Qxe7 30. Rd7 Bxf3 31. Rxe7 Nxc3+ 32. Kb2 Nd1+ 33. Kb1 $1 $13) 28. Qxd5+
Kc8 29. b4 $1 Na4 30. Qd7+ (30. Nxe7+ $2 Qxe7 31. Qc6+ Qc7 32. Qxa6+ Qb7 33.
Qxb7+ Kxb7 34. e7 Rbe8 35. Kc2 Nb6 $19) 30... Qxd7 31. exd7+ Kxd7 (31... Kc7
32. Rxe7 Nxc3+ 33. Kb2 Nd5 34. d8=Q+ Kxd8 35. Rxg7 $15) 32. Rxe7+ {The worst
must be over for white; he can hardly hope to win without exchange, but his
pieces are too active for the real trouble.} Kc6 (32... Kd8 33. Rxg7 Nxc3+ 34.
Kb2 $15) 33. Nd4+ Kd6 (33... Kb6 34. Re6+ Kc7 35. Re7+ Kd6 36. Re6+) 34. Re6+ (
34. Nf5+ Kd5 35. Kc2 Rbc8 36. Bf7+ Kc6 37. Re6+ Kc7 38. c4 bxc4 39. Nxg7 $13)
34... Kd7 (34... Kd5 $4 35. Be4+ Kc4 36. Rc6+ $18) 35. Rc6 $1 Rb6 (35... Rb7
36. Bf5+ Ke7 37. Re6+ Kf7 38. Rxa6 Nxc3+ 39. Kc2 Rc7 40. Be6+ Kg6 41. Bf5+ $11)
36. Bf5+ Ke7 37. Rc7+ Kd6 38. Rd7+ Ke5 39. Re7+ Kd6 (39... Kf4 $4 40. Re4+ Kg5
41. Nf3#) 40. Rd7+ Ke5 41. Re7+ 1/2-1/2

[Event "RUS-ch Superfinal"]
[Site "Moscow"]
[Date "2006.12.08"]
[Round "5"]
[White "Najer, Evgeniy"]
[Black "Grigoriants, Sergey"]
[Result "0-1"]
[WhiteElo "2648"]
[BlackElo "2582"]
[Annotator "Ftacnik,L"]
[PlyCount "76"]
[EventDate "2006.12.03"]
[EventType "tourn"]
[EventRounds "11"]
[EventCountry "RUS"]
[EventCategory "15"]
[SourceTitle "CBM 116"]
[Source "ChessBase"]
[SourceDate "2007.02.01"]
[SourceVersion "1"]
[SourceVersionDate "2007.02.01"]
[SourceQuality "1"]

1. e4 c5 2. Nf3 d6 3. d4 cxd4 4. Nxd4 Nf6 5. Nc3 a6 6. f3 e6 7. Be3 b5 8. g4 h6
9. Qd2 b4 10. Nce2 e5 11. Nb3 Nc6 12. Ng3 Qc7 {The natural square for the
queen as it is not necessary to aim for d6-d5 plan.} (12... Be6 13. h4 d5 (
13... Qc7 $5) 14. exd5 Nxd5 15. O-O-O Qc7 16. Bd3 a5 17. Nc5 Bxc5 18. Bxc5
O-O-O 19. Nf5 g6 20. Ng7 $1 $14 {Naiditsch - Palac/Warsaw/2005/}) 13. O-O-O a5
14. Kb1 a4 15. Nc1 Be6 {Black is ahead with initiative on the queenside, but
his king still sleeps in the center.} 16. Bb5 Qb7 17. Bxc6+ Qxc6 18. Nd3 d5
$146 (18... Rb8 19. Nxb4 Qb5 20. a3 d5 21. Qd3 $6 (21. exd5 Bxb4 (21... Nxd5
22. Qxd5 $1 Bxd5 23. Rxd5) 22. Qxb4 Qxb4 23. axb4 Nxd5 24. Bc5 $14) 21... Bxb4
22. Qxb5+ Rxb5 23. axb4 Rxb4 24. Nf5 Bxf5 25. exf5 Kd7 26. Bd2 Rc4 {0-1
Quezada,Y-Dominguez,L/Santa Clara 2006/ (51)}) 19. Nxb4 $2 {Quite illogical
and risky decision as white is opening up the b file for the attack against
his own king. Much better was to grab the pawn in the center.} (19. Nxe5 $1 Qc7
20. exd5 Nxd5 21. Bd4 $14) 19... Bxb4 20. Qxb4 d4 21. Bf2 Nd7 $1 (21... a3 22.
b3 Rc8 23. Rd2 $14) 22. Nh5 (22. Nf5 $5 Bxf5 23. gxf5 Rb8 24. Qa3 Nb6 $36)
22... Rg8 {The threat of Rb8 and Nb6-c4 is so serious, that Najer decides to
rip open the center.} 23. Bxd4 $5 (23. Bh4 f6 24. Qa3 Rb8 $15) 23... exd4 (
23... Rb8 $2 24. Qc3 $14) 24. Qxd4 Rc8 $1 25. Rd2 (25. Nxg7+ $2 Rxg7 26. Qxg7
Qxc2+ 27. Ka1 Qc4 $1 28. b3 axb3 29. Rc1 Qxc1+ 30. Rxc1 Rxc1+ 31. Kb2 Rc2+ 32.
Kb1 Rxa2 $17) 25... Qc4 26. Qxc4 (26. Nxg7+ $2 Rxg7 27. Qxg7 Qxa2+ 28. Kc1 Qa1#
) 26... Rxc4 27. Rhd1 Ke7 28. h3 g5 $1 {[%mdl 64] Grigoriants choses a very
intriguing line, which enables the opponent to eat lots of pawns.} (28... Nc5
29. Nf4 a3 30. b3 Rc3 31. Rf1 Rb8 $15) 29. Rxd7+ Bxd7 30. Rxd7+ Kxd7 31. Nf6+
Ke6 32. Nxg8 Rc8 $1 {The key move as black will finally penetrate the position
with his rook.} (32... Ke5 33. Nxh6 Rc7 34. Nf5 Kf4 35. Nd4 $11) 33. Nxh6 Rh8
34. Nf5 Rxh3 35. Kc1 $2 {Najer was in terrible form at russian championship.
In this moment he should have tried for the fortress.} (35. c3 Ke5 36. Nd4 Rh2
$1 (36... f6 37. b4 $1 Rh2 38. a3) 37. a3 (37. b4 a3 38. Nb5 Kf4 39. Nxa3 Kxf3
40. Nc4 Kxg4 41. b5 Kf4 42. b6 g4 43. b7 Rh8 44. Nd6 Rb8 $19) 37... Kf4 38. Kc1
(38. b3 axb3 39. a4 Ke3 40. a5 Kd3 41. Nxb3 (41. a6 Kxc3 42. Nb5+ Kb4 43. a7
Ra2 $19) 41... Kxc3 42. Nc5 Rb2+ 43. Kc1 Ra2 44. Kd1 Rxa5 45. Nd7 Kd3 $19)
38... f6 39. Kb1 Ke3 40. Kc1 Kd3 41. Kb1 Rh1+ 42. Ka2 Rf1 $19 {It seems, that
black pieces were just too strong for comfort and white would end up in a rare
zugzwang.}) 35... Ke5 36. c4 Rxf3 37. c5 Kxe4 $1 38. Kc2 (38. c6 Kd3 $1 39. b4
a3 $19) 38... Kd5 (38... Kd5 39. c6 Rf2+ 40. Kc3 Kxc6 $19) 0-1